Vật liệu làm khuôn cắt

שמור ב:
מידע ביבליוגרפי
מחבר ראשי: Đinh, Quảng Năng
פורמט: ספר
שפה:Undetermined
יצא לאור: Hà Nội Khoa học và Kỹ thuật 2003
נושאים:
תגים: הוספת תג
אין תגיות, היה/י הראשונ/ה לתייג את הרשומה!
Thư viện lưu trữ: Trung tâm Học liệu Trường Đại học Cần Thơ
LEADER 00567nam a2200193Ia 4500
001 CTU_59358
008 210402s9999 xx 000 0 und d
020 |c 38000 
082 |a 621.984 
082 |b N116 
100 |a Đinh, Quảng Năng 
245 0 |a Vật liệu làm khuôn cắt 
245 0 |c Đinh Quảng Năng 
260 |a Hà Nội 
260 |b Khoa học và Kỹ thuật 
260 |c 2003 
650 |a Sand, foundry,Molding materials 
904 |i Minh,Qhieu đã sửa 
980 |a Trung tâm Học liệu Trường Đại học Cần Thơ